000 01015nam a2200289 i 4500
001 000045674
003 DO-SdBNP
005 20240315115905.0
007 ta
008 150424s1995 dr c 000 0 spa d
040 _aDO-SdBNP
_bspa
_cBNPHU
_erda
082 4 _222
_bD671
100 _aDomínguez, Franklin
_926932
_eautor
245 1 0 _aBailemos ese tango. /
_cFranklin Domínguez, portada y cuidado de la edición, Tomás Castro
264 1 _aSanto Domingo :
_bSecretaría de Estado de Educación Bellas Artes y Cultos,
_c1995.
300 _a83 páginas :
_bIlustraciones, retratos ;
_c21 cm.
336 _2rdacontent
_atexto
_btxt
337 _2rdamedia
_asin mediación
_bn
338 _2rdacarrier
_avolumen
_bnc
490 _aPremios anuales de literatura
500 _a(Una invitación a superar conflictos y a sobrevivir).
586 _aPremio Anual de Teatro, 1995
590 _aInventariado, 2023/ YL
700 _aCastro, Tomás,
_d1959-
_eeditor
_924641
910 _aYLockward
942 _2ddc
_cLBS1
999 _c45163
_d45163